000 01937 a2200193 4500
001 30059
005 20260407155611.0
008 260407a1968 arg spa d
003 AR-UNSa-BCEJYS
040 _aAR-UNSa-BCEJYS
_bspa
_cAR-UNSa-BCEJYS
080 _a657.474.55
_xCostes directos e indirectos. Costes marginales
245 1 0 _aAnálisis de margenes, Direct Costing
264 1 _aBilbao :
_bEdiciones Deusto
_c1968
300 _a255 p.
_c22 cm.
505 _a 1. El direct costing punto de encuentro de los economistas y de los contables - 2. El dirct costing. El modelo de corto plazo de una fabricación industrial - Los Gastos - 3. La estandarización de los gastos variables, el precio del costo directo standar - 4. El presupuesto de los gastos fijos, los presupuesos flexibles de los gastos de producción - Los márgenes brutos - 5. Programación de la rentabilidad por medio de los márgenes brutos en el trabajo en ciclo continuo - 6. La programación económica del trabajo sobre pedido - 7. El modelo económico de las fabricaciones de los productos - 8. Problemas propios de los bienes de producción y de determinados bienes de consumo - 9. La incertidumbre - 10. Los factores cualitativos - Ajustes de los razonamientos de corto plazo los ajustes dinámicos - 11. Modificación del coste de factores. Movimientos dinámicos del mer cado que crece o decrece estructuralmente y se ve afectado por fluctuaciones coyunturales - 12. La guerra de precios - 13. Costes a corto plazo para desarrollar operaciones beneficiosas a largo plazo - 14. El reemplazo de las instalaciones - 15. Los aumentos de capacidad - 16. La creación de una factoría nueva o de un taller suplementario destinado a fabricar productos conocidos - 17. La creación de una nueva factoría para fabricar un nuevo producto - 18. El crecimiento armónico
942 _cBK
590 _aniveau_biblio:m niveau_hierar:0
100 1 _aDe Bodt, Gérard
999 _c2001
_d2001